<?xml version="1.0" encoding="UTF-8"?><?xml-stylesheet type="text/xsl" href="static/style.xsl"?><OAI-PMH xmlns="http://www.openarchives.org/OAI/2.0/" xmlns:xsi="http://www.w3.org/2001/XMLSchema-instance" xsi:schemaLocation="http://www.openarchives.org/OAI/2.0/ http://www.openarchives.org/OAI/2.0/OAI-PMH.xsd"><responseDate>2026-04-18T00:14:18Z</responseDate><request verb="GetRecord" identifier="oai:www.recercat.cat:10459.1/465186" metadataPrefix="marc">https://recercat.cat/oai/request</request><GetRecord><record><header><identifier>oai:recercat.cat:10459.1/465186</identifier><datestamp>2025-09-15T18:10:40Z</datestamp><setSpec>com_2072_3622</setSpec><setSpec>col_2072_479130</setSpec></header><metadata><record xmlns="http://www.loc.gov/MARC21/slim" xmlns:dcterms="http://purl.org/dc/terms/" xmlns:xsi="http://www.w3.org/2001/XMLSchema-instance" xmlns:doc="http://www.lyncode.com/xoai" xsi:schemaLocation="http://www.loc.gov/MARC21/slim http://www.loc.gov/standards/marcxml/schema/MARC21slim.xsd">
   <leader>00925njm 22002777a 4500</leader>
   <datafield ind2=" " ind1=" " tag="042">
      <subfield code="a">dc</subfield>
   </datafield>
   <datafield ind2=" " ind1=" " tag="720">
      <subfield code="a">Reixach Sala, Albert</subfield>
      <subfield code="e">author</subfield>
   </datafield>
   <datafield ind2=" " ind1=" " tag="260">
      <subfield code="c">2023-12-30</subfield>
   </datafield>
   <datafield ind2=" " ind1=" " tag="520">
      <subfield code="a">Los traslados preventivos de familias y autoridades fuera de las ciudades en periodos de epidemia son una constante histórica que puede comprobarse en la Cataluña de la baja Edad Media. A lo largo de la secuencia de brotes posteriores a la Peste Negra y hasta inicios del siglo XVI se documenta esta dinámica en el conjunto de la red urbana catalana y de otros territorios de la Corona de Aragón. En el presente artículo se examinan lo que no siempre fueron huidas desesperadas, sino reacciones que se acaban integrando con relativa normalidad en el funcionamiento de las instituciones. Asimismo, se evalúan el alcance y los límites de utilizar estos traslados al entorno rural en momentos de contagio como indicador para avanzar en la reconstrucción de la secuencia epidémica de la Cataluña del siglo XV centrándonos en los casos significativos de las ciudades de Barcelona y Girona a partir de dos fuentes complementarias, vinculadas a sus respectivos gobiernos municipales.</subfield>
   </datafield>
   <datafield ind2=" " ind1=" " tag="520">
      <subfield code="a">The preventive transfers of families and authorities out of towns in periods of epidemics are a historical constant that can be seen in Catalonia in the late Middle Ages. During the sequence of outbreaks following the Black Death and up to the beginning of the sixteenth century, this dynamic is documented throughout the Catalan urban network and in other territories of the Crown of Aragon. This article examines escapes that were not always desperate, but rather reactions that were ultimately integrated relatively normally into the functioning of institutions. It also assesses the extent and limits of the use these movements to the countryside at times of contagion as a parameter in order to reconstruct the epidemic sequence in fifteenth-century Catalonia, focusing on the significant cases of the cities of Barcelona and Girona from two complementary sources linked to their respective municipal governments.</subfield>
   </datafield>
   <datafield ind2=" " ind1=" " tag="520">
      <subfield code="a">Este trabajo se ha preparado en el marco del proyecto “Más allá de la Peste Negra. Epidemias y crisis de mortalidad en el nordeste peninsular, siglos XI-XVI: reconstrucción de ciclos, medición de efectos y análisis de respuestas, EPIDEMED” (PID2020-117839GB-I00) y en el seno del grupo de investigación “ARQHISTEC - Economies alimentàries i dinàmiques de població a la Mediterrània occidental: grup d’arqueologia i història de les societats premodernes” (2021 SGR 01607).</subfield>
   </datafield>
   <datafield tag="653" ind2=" " ind1=" ">
      <subfield code="a">Epidemia</subfield>
   </datafield>
   <datafield tag="653" ind2=" " ind1=" ">
      <subfield code="a">Traslado preventivo</subfield>
   </datafield>
   <datafield tag="653" ind2=" " ind1=" ">
      <subfield code="a">Gobierno municipal</subfield>
   </datafield>
   <datafield tag="653" ind2=" " ind1=" ">
      <subfield code="a">Centro urbano</subfield>
   </datafield>
   <datafield tag="653" ind2=" " ind1=" ">
      <subfield code="a">Cataluña</subfield>
   </datafield>
   <datafield tag="653" ind2=" " ind1=" ">
      <subfield code="a">Siglo XV</subfield>
   </datafield>
   <datafield ind2="0" ind1="0" tag="245">
      <subfield code="a">Huir de la ciudad en tiempos de pestilencia: de reacción atávica a indicador histórico (Cataluña, siglo XV)</subfield>
   </datafield>
   <datafield ind2="0" ind1="0" tag="245">
      <subfield code="a">Fleeing the City during Epidemics: From an Atavistic Reaction to a Historical Indicator (Catalonia, Fifteenth Century)</subfield>
   </datafield>
</record></metadata></record></GetRecord></OAI-PMH>